[Event "Frankfurt Ch 2012"]
[Site "Ffm-Kalbach, LAZ"]
[Date "2012.05.08"]
[Round "2.1"]
[White "Kuhn, Gerhard"]
[Black "Khenkin, Igor"]
[Result "0-1"]
[WhiteElo "1949"]
[BlackElo "2675"]
[PlyCount "52"]
[EventDate "2012.??.??"]
[WhiteTeam "SK Marburg 1931/72"]
[BlackTeam "Wiesbadener SV 1885"]

1. e4 c5 2. c3 g6 3. d4 cxd4 4. cxd4 d5 5. exd5 Nf6 6. Nc3 Bg7 7. Bb5+ Nbd7 8.
d6 O-O 9. Nf3 exd6 10. O-O Nb6 11. Re1 Be6 12. Bf4 Nbd5 13. Nxd5 Nxd5 14. Bg3
Qb6 15. Bc4 Qxb2 16. Rb1 Qc3 17. Qb3 Qxb3 18. axb3 b5 19. Bd3 Nc3 20. Ra1 a5
21. Bxd6 Bxb3 22. Bxf8 Kxf8 23. Bxb5 Nxb5 24. Reb1 Nxd4 25. Nxd4 Bxd4 26. Ra3
Bc2 0-1

[Event "Frankfurt Ch 2012"]
[Site "Ffm-Kalbach, LAZ"]
[Date "2012.05.08"]
[Round "2.2"]
[White "Telljohann, Sven"]
[Black "Hierling, Stefan"]
[Result "1-0"]
[WhiteElo "2391"]
[BlackElo "1954"]
[PlyCount "134"]
[EventDate "2012.??.??"]
[WhiteTeam "Sfr. Schöneck"]
[BlackTeam "VSG 1880 Offenbach"]

1. Nf3 Nf6 2. c4 g6 3. b4 Bg7 4. Bb2 O-O 5. g3 d5 6. cxd5 Qxd5 7. Bg2 c6 8. Nc3
Qd6 9. a3 Rd8 10. O-O Bg4 11. d3 a5 12. b5 Bd7 13. a4 Be8 14. Qc2 Rc8 15. Ba3
Qd8 16. Qb3 e6 17. Rab1 Nd5 18. Ne4 cxb5 19. axb5 Qb6 20. Rfc1 Rxc1+ 21. Rxc1
Na6 22. Nd6 Nab4 23. Nxe8 Rxe8 24. Qc4 Qd8 25. d4 Bh6 26. Rb1 Qc8 27. Qb3 Qc2
28. Bxb4 Nxb4 29. Qxc2 Nxc2 30. e3 b6 31. Ne5 Nxe3 32. fxe3 Bxe3+ 33. Kf1 Bxd4
34. Nc6 Bc5 35. Rd1 a4 36. Rd7 a3 37. Ra7 Kg7 38. Be4 Kf6 39. Ke2 h5 40. Kf3 g5
41. h3 Rg8 42. Kg2 Re8 43. Bf3 g4 44. hxg4 hxg4 45. Bxg4 e5 46. Bh5 Rf8 47. Kf3
Ke6 48. Ke2 f5 49. Bf7+ Kf6 50. Bc4 f4 51. gxf4 exf4 52. Kf3 Rh8 53. Rf7+ Kg5
54. Ke4 Rh4 55. Rf5+ Kh6 56. Rxf4 Rh2 57. Rf1 Rd2 58. Ke5 Kh5 59. Kf5 Kh4 60.
Kf4 Kh5 61. Ne5 Rh2 62. Bf7+ Kh6 63. Ng4+ Kg7 64. Nxh2 Bd6+ 65. Ke4 Bxh2 66.
Ba2 Bd6 67. Kd5 Bc5 1-0

[Event "Frankfurt Ch 2012"]
[Site "Ffm-Kalbach, LAZ"]
[Date "2012.05.08"]
[Round "2.3"]
[White "Kulenovic, Adnan"]
[Black "Zude, Erik"]
[Result "0-1"]
[WhiteElo "1949"]
[BlackElo "2340"]
[PlyCount "90"]
[EventDate "2012.??.??"]
[WhiteTeam "SK Springer Rodenbach"]
[BlackTeam "SV 1920 Hofheim"]

1. c3 Nf6 2. d4 e6 3. f4 b6 4. Nf3 Bb7 5. e3 Be7 6. Bd3 c5 7. O-O O-O 8. Nbd2
d6 9. h3 Ba6 10. Bxa6 Nxa6 11. Qe2 Qc8 12. g4 Nc7 13. e4 cxd4 14. Nxd4 g6 15.
Nc6 Qd7 16. Nxe7+ Qxe7 17. Kh2 d5 18. e5 Nd7 19. Nf3 f5 20. g5 Rfc8 21. Be3 Ne8
22. Rfd1 Ng7 23. Rd4 Nb8 24. Qb5 Qb7 25. Ra4 Nd7 26. Rd4 Rc7 27. Kg3 Nc5 28.
Nd2 Ne4+ 29. Kf3 Rac8 30. a4 Rc6 31. Nb3 Qa8 32. Ra3 a6 33. Qe2 Nh5 34. Nc1 Rc4
35. Nd3 a5 36. Qd1 Qb7 37. Rb3 R8c6 38. Rb5 Qe7 39. h4 h6 40. Qb3 hxg5 41. hxg5
Rxd4 42. cxd4 Qc7 43. Nc5 Nhg3 44. Nxe6 Qh7 45. Bc1 Qh5+ 0-1

[Event "Frankfurt Ch 2012"]
[Site "Ffm-Kalbach, LAZ"]
[Date "2012.05.08"]
[Round "2.4"]
[White "Reschke, Stefan"]
[Black "Tierling, Detlef"]
[Result "1-0"]
[WhiteElo "2329"]
[BlackElo "1942"]
[PlyCount "53"]
[EventDate "2012.??.??"]
[WhiteTeam "VSG 1880 Offenbach"]
[BlackTeam "SC Groß-Umstadt"]

1. Nf3 Nf6 2. g3 d5 3. Bg2 g6 4. b3 Bg7 5. Bb2 O-O 6. c4 c6 7. Na3 Bg4 8. Nc2
Bxf3 9. Bxf3 e6 10. O-O Nbd7 11. Ne3 a5 12. Qc2 Re8 13. Bc3 Rb8 14. a4 b6 15.
Qb2 Nc5 16. Rac1 e5 17. cxd5 Nxd5 18. Bxd5 cxd5 19. Bxa5 Nxa4 20. bxa4 bxa5 21.
Qa2 d4 22. Nd5 Qd6 23. e4 h5 24. Rc7 Qe6 25. Rfc1 h4 26. R1c6 Qg4 27. Nf6+ 1-0

[Event "Frankfurt Ch 2012"]
[Site "Ffm-Kalbach, LAZ"]
[Date "2012.05.08"]
[Round "2.5"]
[White "Mager, Denis"]
[Black "Gohil, Harry"]
[Result "1/2-1/2"]
[WhiteElo "1924"]
[BlackElo "2298"]
[PlyCount "105"]
[EventDate "2012.??.??"]
[WhiteTeam "SAbt TuS Makkabi Ffm"]
[BlackTeam "TSV Schott Mainz"]

1. d4 Nf6 2. c4 g6 3. Nc3 Bg7 4. e4 d6 5. f4 O-O 6. Nf3 c5 7. d5 b5 8. cxb5 a6
9. a4 Qa5 10. Bd2 Qb4 11. Qc2 Bd7 12. Ra3 axb5 13. Rb3 Qa5 14. Bxb5 Bxb5 15.
Rxb5 Qa7 16. O-O Na6 17. Kh1 Nc7 18. Rb3 Rfb8 19. Ra1 Qa6 20. Be3 Nd7 21. Nd2
Rxb3 22. Qxb3 Qd3 23. Nd1 Qxb3 24. Nxb3 f5 25. exf5 gxf5 26. Nc3 Nb6 27. a5
Nbxd5 28. Nxd5 Nxd5 29. Bc1 Kf7 30. g3 Ke6 31. Nd2 Kd7 32. Nc4 Kc6 33. Bd2 Kb5
34. Rc1 Ka4 35. Re1 Ra7 36. Kg2 Kb3 37. Na3 Rb7 38. Bc1 Ka4 39. Nc4 Rb4 40. Ne3
Nxe3+ 41. Rxe3 Bxb2 42. a6 Bxc1 43. a7 Bxe3 44. a8=Q+ Kb5 45. Qe8+ Kc4 46. Qxe7
Bd4 47. Qxd6 Rb2+ 48. Kh3 Kd3 49. Qe6 c4 50. Qxf5+ Ke3 51. Qe6+ Kd3 52. Qf5+
Ke3 53. Qe6+ 1/2-1/2

[Event "Frankfurt Ch 2012"]
[Site "Ffm-Kalbach, LAZ"]
[Date "2012.05.08"]
[Round "2.6"]
[White "Isserman, Ryhor"]
[Black "Wagner, Dirk"]
[Result "1-0"]
[WhiteElo "2274"]
[BlackElo "1922"]
[PlyCount "73"]
[EventDate "2012.??.??"]
[WhiteTeam "SK Bad Homburg 1927"]
[BlackTeam "SC Matt im Park Ffm"]

1. e4 e5 2. Nf3 Nc6 3. Bb5 a6 4. Ba4 d6 5. d4 b5 6. Bb3 Nxd4 7. Nxd4 exd4 8. c3
Bb7 9. Qxd4 Nf6 10. O-O Be7 11. Bc2 O-O 12. Bf4 c5 13. Qe3 Nh5 14. Rd1 Nxf4 15.
Qxf4 Qc7 16. Nd2 Rad8 17. Nf1 Rfe8 18. Ne3 Bf8 19. a4 Bc6 20. Nd5 Bxd5 21. Rxd5
Re5 22. Qd2 Rde8 23. f4 Rxd5 24. Qxd5 b4 25. Bd3 Qa7 26. Bc4 a5 27. Re1 Qc7 28.
Bb5 Rc8 29. Bc4 Re8 30. Rd1 Qe7 31. e5 dxe5 32. fxe5 Qc7 33. Re1 g6 34. e6 Rxe6
35. Rxe6 fxe6 36. Qxe6+ Kg7 37. Qg8+ 1-0

[Event "Frankfurt Ch 2012"]
[Site "Ffm-Kalbach, LAZ"]
[Date "2012.05.08"]
[Round "2.7"]
[White "Faqiry, Ramat"]
[Black "Kayser, Felix"]
[Result "0-1"]
[WhiteElo "1908"]
[BlackElo "2251"]
[PlyCount "68"]
[EventDate "2012.??.??"]
[WhiteTeam "SK Bad Homburg 1927"]
[BlackTeam "Wiesbadener SV 1885"]

1. d4 d5 2. Nf3 Nf6 3. e3 e6 4. Bd3 c5 5. b3 cxd4 6. exd4 Bb4+ 7. c3 Bd6 8.
Nbd2 Nc6 9. O-O O-O 10. c4 e5 11. dxe5 Nxe5 12. Be2 dxc4 13. Nxc4 Nxc4 14. Bxc4
Bg4 15. h3 Bh5 16. Be2 Ne4 17. Bb2 Bc5 18. Qc2 Re8 19. Rad1 Qb6 20. Bd4 Rac8
21. Qb2 h6 22. g4 Bg6 23. Bc4 Nd6 24. Bd3 Bxd3 25. Rxd3 Nb5 26. Bxg7 Qg6 27.
Bxh6 Qxh6 28. Rd5 Ba3 29. Qa1 Nc3 30. Rg5+ Kf8 31. Rh5 Qf6 32. Kg2 Re2 33. Re1
Rxa2 34. g5 Qg7 0-1

[Event "Frankfurt Ch 2012"]
[Site "Ffm-Kalbach, LAZ"]
[Date "2012.05.08"]
[Round "2.8"]
[White "Zimmer, Gerald"]
[Black "Stockmann, Michael"]
[Result "0-1"]
[WhiteElo "1888"]
[BlackElo "2235"]
[PlyCount "60"]
[EventDate "2012.??.??"]
[WhiteTeam "SC Bergen-Enkheim 1922"]
[BlackTeam "Sfr. Schöneck"]

1. d4 d5 2. c4 e6 3. Nc3 Be7 4. Nf3 Nf6 5. Bg5 h6 6. Bh4 O-O 7. cxd5 exd5 8. e3
b6 9. Rc1 Bb7 10. Be2 Nbd7 11. O-O c5 12. dxc5 bxc5 13. Qc2 Rc8 14. Rfd1 Qb6
15. Rd2 Rfd8 16. Rcd1 Bc6 17. Qf5 Qb7 18. Bg3 Bf8 19. Ne1 g6 20. Qc2 Bg7 21.
Bf3 Nb6 22. b3 Qe7 23. Bh4 g5 24. Bg3 g4 25. Be2 d4 26. exd4 cxd4 27. Nb1 Ne4
28. Qd3 Nxd2 29. Bxg4 Nxb1 30. Bxc8 Be4 0-1

[Event "Frankfurt Ch 2012"]
[Site "Ffm-Kalbach, LAZ"]
[Date "2012.05.08"]
[Round "2.9"]
[White "Goreacinic, Dmitri"]
[Black "Göbel, Andreas"]
[Result "1/2-1/2"]
[WhiteElo "2231"]
[BlackElo "1895"]
[PlyCount "133"]
[EventDate "2012.??.??"]
[WhiteTeam "VSG 1880 Offenbach"]
[BlackTeam "SC Brett vor'm Kopp Ffm"]

1. d4 Nf6 2. c4 e6 3. Nc3 Bb4 4. Bf4 c5 5. e3 d6 6. Bd3 Bxc3+ 7. bxc3 O-O 8.
Nf3 Nc6 9. O-O Re8 10. d5 exd5 11. cxd5 Ne7 12. c4 Ng6 13. Bg3 Ne4 14. Qc2 Nxg3
15. hxg3 Bd7 16. Rfb1 Rb8 17. a4 b6 18. a5 Qc7 19. Qa2 f6 20. axb6 axb6 21. Rb2
Rb7 22. Qb1 Kf7 23. Ra6 Reb8 24. Nh4 Nxh4 25. Bxh7 Bf5 26. Bxf5 Nxf5 27. Qxf5
Qe7 28. Qb1 Qc7 29. g4 g6 30. g3 Kg7 31. Rb3 Kf7 32. Qb2 g5 33. Qb1 Kg7 34. Qb2
Kg6 35. f4 Qe7 36. Qb1+ Kg7 37. Ra2 Rh8 38. fxg5 fxg5 39. Qa1+ Qf6 40. Qxf6+
Kxf6 41. Rf2+ Ke5 42. Rf5+ Ke4 43. Rxg5 Rbh7 44. Rh5 Rxh5 45. gxh5 Rxh5 46. Kg2
b5 47. cxb5 c4 48. Rb4 Kxd5 49. b6 Rh8 50. Kf3 Kc5 51. Rb1 c3 52. b7 Rb8 53.
Ke2 Kc4 54. Rb6 Kc5 55. Rb1 Kc4 56. Kd1 Kd3 57. Rb6 d5 58. Rd6 Rxb7 59. Rxd5+
Kxe3 60. Kc2 Rc7 61. Rg5 Kf3 62. Rg8 Ke4 63. g4 Rc6 64. Rd8 Kf4 65. Rd4+ Kg5
66. Ra4 Kh4 67. Ra3 1/2-1/2

[Event "Frankfurt Ch 2012"]
[Site "Ffm-Kalbach, LAZ"]
[Date "2012.05.08"]
[Round "2.11"]
[White "Uwira, Oliver"]
[Black "Geringer, Waldemar"]
[Result "1-0"]
[WhiteElo "2172"]
[BlackElo "1885"]
[PlyCount "61"]
[EventDate "2012.??.??"]
[WhiteTeam "SC 1961 König Nied"]
[BlackTeam "SSg Rödermark/Eppertshausen"]

1. d4 Nf6 2. Bg5 d6 3. Bxf6 gxf6 4. e3 e6 5. Qh5 c5 6. dxc5 Qa5+ 7. Nc3 b6 8.
Bb5+ Bd7 9. Qf3 d5 10. Bxd7+ Nxd7 11. c6 Ne5 12. Qxf6 Rg8 13. Nge2 Nxc6 14.
O-O-O Bg7 15. Qh4 b5 16. Qxh7 O-O-O 17. Nd4 Nxd4 18. exd4 b4 19. Nb1 Qxa2 20.
g3 Kb8 21. h4 f5 22. Rhe1 Qa6 23. h5 Bf6 24. Qf7 Bh8 25. Rxe6 Qc4 26. b3 Qc8
27. Qe7 Rg7 28. Qxb4+ Rb7 29. Qa5 Rxb3 30. Re7 Rb6 31. Qxa7# 1-0

[Event "Frankfurt Ch 2012"]
[Site "Ffm-Kalbach, LAZ"]
[Date "2012.05.08"]
[Round "2.12"]
[White "Koch, Markus"]
[Black "Stock, Jürgen"]
[Result "1-0"]
[WhiteElo "2154"]
[BlackElo "1881"]
[PlyCount "54"]
[EventDate "2012.??.??"]
[WhiteTeam "SC Brett vor'm Kopp Ffm"]
[BlackTeam "SC Eschborn 1974"]

1. Nf3 e6 2. g3 f5 3. Bg2 Nf6 4. d4 d5 5. c4 c6 6. O-O Bd6 7. b3 Qe7 8. Ne5 O-O
9. Qc2 Nbd7 10. Bb2 Bxe5 11. dxe5 Ng4 12. Ba3 c5 13. cxd5 Ngxe5 14. Nc3 Kh8 15.
Rad1 Rb8 16. dxe6 Qxe6 17. Nd5 b6 18. Bb2 Ng6 19. h4 Nf6 20. Nxf6 gxf6 21. Bh3
Ne5 22. Rd2 Ng4 23. Rfd1 Bb7 24. Rd6 Qg8 25. Qxf5 Bc8 26. Rxf6 Nxf6 27. Qxf6+
Rxf6 1-0

[Event "Frankfurt Ch 2012"]
[Site "Ffm-Kalbach, LAZ"]
[Date "2012.05.08"]
[Round "2.13"]
[White "Schmitt, Roland"]
[Black "Prenzler, Daniel"]
[Result "0-1"]
[WhiteElo "1878"]
[BlackElo "2154"]
[PlyCount "54"]
[EventDate "2012.??.??"]
[WhiteTeam "SK Großsachsen"]
[BlackTeam "SC 1961 König Nied"]

1. d4 Nf6 2. c4 c5 3. d5 e6 4. Nc3 exd5 5. cxd5 d6 6. h3 g6 7. Nf3 Bg7 8. e4
O-O 9. Bd3 Na6 10. O-O Nc7 11. Re1 Re8 12. Bf1 b5 13. e5 dxe5 14. d6 Na6 15.
Nxe5 b4 16. Nc6 Rxe1 17. Nxd8 Rxd1 18. Nxd1 Ne4 19. Bf4 g5 20. Bc4 gxf4 21.
Bxf7+ Kf8 22. Bd5 Rb8 23. Bxe4 Rb6 24. Nc6 Bd7 25. Nxa7 Rxd6 26. Rc1 c4 27. Kf1
Bd4 0-1

[Event "Frankfurt Ch 2012"]
[Site "Ffm-Kalbach, LAZ"]
[Date "2012.05.08"]
[Round "2.14"]
[White "Kolker, Vladislav"]
[Black "Chandler, Patrick"]
[Result "0-1"]
[WhiteElo "1870"]
[BlackElo "2143"]
[PlyCount "88"]
[EventDate "2012.??.??"]
[WhiteTeam "Sfr.1891 Friedberg"]
[BlackTeam "Sfr. Neuberg"]

1. e4 c5 2. Nf3 Nc6 3. d4 cxd4 4. Nxd4 e5 5. Nb5 a6 6. Nd6+ Bxd6 7. Qxd6 Qf6 8.
Qc7 Nge7 9. Nc3 O-O 10. Bc4 b5 11. Bb3 Rb8 12. f4 Rb7 13. fxe5 Nxe5 14. Qc5 d6
15. Qf2 Qxf2+ 16. Kxf2 Be6 17. Rd1 b4 18. Nd5 Nxd5 19. Bxd5 Rc7 20. Bf4 Rxc2+
21. Rd2 Rfc8 22. Rad1 Bxd5 23. Bxe5 dxe5 24. exd5 f6 25. d6 Rxd2+ 26. Rxd2 Kf7
27. d7 Rd8 28. Rd6 a5 29. Rd5 Ke6 30. Rxa5 Rxd7 31. Ke2 h5 32. a3 bxa3 33. bxa3
Rb7 34. Ra8 Rb2+ 35. Kf1 Kf5 36. a4 Ke4 37. h3 g5 38. a5 g4 39. hxg4 hxg4 40.
Rg8 f5 41. a6 Ra2 42. Rg6 Kf4 43. Rf6 Ke3 44. Kg1 f4 0-1

[Event "Frankfurt Ch 2012"]
[Site "Ffm-Kalbach, LAZ"]
[Date "2012.05.08"]
[Round "2.15"]
[White "Meyer, Kai-Christian"]
[Black "Thomele, Michael"]
[Result "1-0"]
[WhiteElo "2139"]
[BlackElo "1868"]
[PlyCount "81"]
[EventDate "2012.??.??"]
[WhiteTeam "Sfr. Schöneck"]
[BlackTeam "SC 1959 Obernau"]

1. d4 d5 2. Nf3 Nf6 3. g3 e6 4. Bg2 Bd6 5. O-O c6 6. b3 Nbd7 7. Bb2 Qe7 8. c4
O-O 9. Ne5 Ne4 10. f3 Nef6 11. f4 Ne4 12. Bxe4 dxe4 13. Nd2 f5 14. Nxd7 Bxd7
15. c5 Bc7 16. Nc4 Be8 17. e3 g5 18. Rf2 Bg6 19. Bc3 b5 20. cxb6 axb6 21. a3
Rfc8 22. Rd2 gxf4 23. gxf4 Qh4 24. Rg2 Kf7 25. Be1 Qe7 26. Bb4 Qh4 27. Bd6 Kg7
28. Bxc7 Rxc7 29. Qd2 b5 30. Ne5 Qe7 31. Qb2 Kh6 32. Rg3 Kg7 33. Kh1 Qf6 34.
Rag1 Rac8 35. a4 Rb8 36. a5 b4 37. Qg2 Kh8 38. Nxg6+ hxg6 39. Rxg6 Qf8 40. Qg5
Rh7 41. Rxe6 1-0

[Event "Frankfurt Ch 2012"]
[Site "Ffm-Kalbach, LAZ"]
[Date "2012.05.08"]
[Round "2.16"]
[White "Holvason, Juri"]
[Black "Lebermann, Hellmuth"]
[Result "1-0"]
[WhiteElo "2125"]
[BlackElo "1862"]
[PlyCount "33"]
[EventDate "2012.??.??"]
[WhiteTeam "SC Brett vor'm Kopp Ffm"]
[BlackTeam "SK Bad Homburg 1927"]

1. e4 e5 2. Nf3 d5 3. Nxe5 Bd6 4. d4 Bxe5 5. dxe5 dxe4 6. Qxd8+ Kxd8 7. Nc3 Bf5
8. Bc4 f6 9. Bf4 c6 10. O-O-O+ Ke8 11. Rhe1 Nd7 12. Nxe4 Bxe4 13. Rxe4 f5 14.
Red4 Nb6 15. Be6 Ne7 16. Bg5 Rf8 17. Bd7+ 1-0

[Event "Frankfurt Ch 2012"]
[Site "Ffm-Kalbach, LAZ"]
[Date "2012.05.08"]
[Round "2.17"]
[White "Willems, Matthias"]
[Black "Partzsch, Lukas"]
[Result "1/2-1/2"]
[WhiteElo "1862"]
[BlackElo "2122"]
[PlyCount "65"]
[EventDate "2012.??.??"]
[WhiteTeam "SC Bad Nauheim"]
[BlackTeam "SC Matt im Park Ffm"]

1. Nf3 Nf6 2. c4 d6 3. d4 Nbd7 4. Nc3 e5 5. e4 Be7 6. Be2 O-O 7. O-O c6 8. Qc2
a6 9. Rd1 Qc7 10. Rb1 b5 11. b4 exd4 12. Nxd4 Ne5 13. cxb5 cxb5 14. Qb3 Bb7 15.
f3 Rfc8 16. Bd2 Nc4 17. Be1 d5 18. exd5 Ne3 19. Ncxb5 axb5 20. Qxe3 Nxd5 21.
Qb3 Qb6 22. Kh1 Nf4 23. Nf5 Bf8 24. Bf1 Qg6 25. Ne3 Re8 26. Rd4 Qf6 27. Rbd1
Qe5 28. Bf2 Ne6 29. R4d2 Ng5 30. Ng4 Qf5 31. Bd3 Qe6 32. Qxe6 Rxe6 33. Bf5
1/2-1/2

[Event "Frankfurt Ch 2012"]
[Site "Ffm-Kalbach, LAZ"]
[Date "2012.05.08"]
[Round "2.18"]
[White "Ottenburg, Ralph"]
[Black "Sandten, Ulrich"]
[Result "1/2-1/2"]
[WhiteElo "1858"]
[BlackElo "2095"]
[PlyCount "26"]
[EventDate "2012.??.??"]
[WhiteTeam "Sfr. Frankfurt 1921"]
[BlackTeam "SF Vonkeln 1931"]

1. d4 f5 2. g3 Nf6 3. Nf3 d5 4. Bg2 e6 5. O-O Bd6 6. b3 Qe7 7. c4 c6 8. e3 Nbd7
9. Bb2 O-O 10. Qc1 Ne4 11. Ne5 Nxe5 12. dxe5 Bb4 13. f3 Ng5 1/2-1/2

[Event "Frankfurt Ch 2012"]
[Site "Ffm-Kalbach, LAZ"]
[Date "2012.05.08"]
[Round "2.19"]
[White "Kabir, Rezaul"]
[Black "Krüger, Till"]
[Result "1/2-1/2"]
[WhiteElo "2043"]
[BlackElo "1857"]
[PlyCount "56"]
[EventDate "2012.??.??"]
[WhiteTeam "Sfr. Frankfurt 1921"]
[BlackTeam "SC Nidderau"]

1. e4 g6 2. d4 Bg7 3. Be3 d6 4. Nc3 a6 5. Qd2 Nd7 6. O-O-O b5 7. a3 Bb7 8. f3
Rc8 9. g4 c5 10. Nce2 cxd4 11. Nxd4 Ne5 12. Bd3 Nf6 13. h4 h5 14. gxh5 Rxh5 15.
Nge2 Nxd3+ 16. Qxd3 Nd7 17. Ng3 Rhc5 18. Rh2 Ne5 19. Qb3 Nc4 20. h5 Nxe3 21.
Qxe3 gxh5 22. Nxh5 Bxd4 23. Qxd4 Qc7 24. Rdd2 d5 25. Qh8+ Kd7 26. Qg7 Rxc2+ 27.
Rxc2 Qxh2 28. Rxc8 Kxc8 1/2-1/2

[Event "Frankfurt Ch 2012"]
[Site "Ffm-Kalbach, LAZ"]
[Date "2012.05.08"]
[Round "2.20"]
[White "Goldt, Rainer"]
[Black "Rondonuwu, Grover"]
[Result "0-1"]
[WhiteElo "1852"]
[BlackElo "2042"]
[PlyCount "94"]
[EventDate "2012.??.??"]
[WhiteTeam "Kreuznacher SV 1921 e.V."]
[BlackTeam "Sabt Frankfurter TV 1860"]

1. e4 c5 2. Nc3 Nc6 3. g3 g6 4. Bg2 Bg7 5. d3 e6 6. f4 Nge7 7. Nf3 d6 8. Be3
O-O 9. O-O a6 10. Rb1 Rb8 11. Qd2 Nd4 12. Ne2 Nxe2+ 13. Qxe2 Qc7 14. c3 Bd7 15.
Rfd1 Bc6 16. Bf2 Qa5 17. b4 cxb4 18. cxb4 Qd8 19. Nd4 Bd7 20. Rdc1 Nc6 21. Nxc6
Bxc6 22. d4 d5 23. e5 Qd7 24. Rc3 Rfc8 25. Rbc1 Bb5 26. Qc2 Rxc3 27. Qxc3 Bc4
28. a3 Rc8 29. g4 Rc6 30. Qd2 Bf8 31. Bh3 Bb5 32. Rxc6 Qxc6 33. f5 Qc4 34. fxe6
fxe6 35. g5 Kg7 36. Qf4 Be7 37. Be3 Bd7 38. Bf1 Qc2 39. Bh3 Qd3 40. Bg4 Qxa3
41. Bd2 Qd3 42. h4 Qc2 43. h5 gxh5 44. Bxh5 Qf5 45. Qh4 Kg8 46. Bg4 Qe4 47. Bc3
Qe3+ 0-1

[Event "Frankfurt Ch 2012"]
[Site "Ffm-Kalbach, LAZ"]
[Date "2012.05.08"]
[Round "2.21"]
[White "Calvi, Stefan"]
[Black "Aßmann, Hendrik"]
[Result "1-0"]
[WhiteElo "2005"]
[BlackElo "1850"]
[PlyCount "91"]
[EventDate "2012.??.??"]
[WhiteTeam "Sfr. Frankfurt 1921"]
[BlackTeam "Sfr.Erbach"]

1. e4 e6 2. Nf3 d5 3. e5 c5 4. b4 cxb4 5. a3 bxa3 6. Bxa3 Bxa3 7. Nxa3 Ne7 8.
c3 O-O 9. d4 Nf5 10. Bd3 f6 11. O-O fxe5 12. Nxe5 Nc6 13. Re1 Nxe5 14. Rxe5 Bd7
15. Nc2 g6 16. Qe2 Qb6 17. Ne3 Nxe3 18. Qxe3 Rf6 19. h4 a5 20. Rb1 Qc6 21. h5
Kg7 22. f4 a4 23. f5 a3 24. h6+ Kg8 25. Be2 a2 26. Ra1 Qb6 27. Qc1 Rxf5 28.
Rxf5 exf5 29. Qc2 Qa5 30. c4 Kf7 31. cxd5 b5 32. d6 Qa3 33. Bf3 Qe3+ 34. Qf2
Qxf2+ 35. Kxf2 Ra5 36. Bd5+ Be6 37. d7 Ra8 38. Rxa2 Rxa2+ 39. Bxa2 Bxa2 40.
d8=Q Bc4 41. Ke3 g5 42. Qd7+ Kg6 43. Qg7+ Kh5 44. Qxh7 f4+ 45. Kd2 Bd5 46. Qf5
1-0

[Event "Frankfurt Ch 2012"]
[Site "Ffm-Kalbach, LAZ"]
[Date "2012.05.08"]
[Round "2.22"]
[White "Marzahn, Heiko"]
[Black "Achelrod, Alexander"]
[Result "1-0"]
[WhiteElo "2000"]
[BlackElo "1846"]
[PlyCount "85"]
[EventDate "2012.??.??"]
[WhiteTeam "Sfr.Erbach"]
[BlackTeam "Sfr. Heusenstamm"]

1. e4 c5 2. Nf3 a6 3. c4 d6 4. d4 cxd4 5. Nxd4 Nf6 6. Nc3 e6 7. Be3 Be7 8. Bd3
Nbd7 9. Rc1 O-O 10. f4 b6 11. e5 dxe5 12. Nc6 Qe8 13. fxe5 Bc5 14. Bg5 h6 15.
exf6 hxg5 16. fxg7 Kxg7 17. Qh5 f5 18. Qxg5+ Qg6 19. Qxg6+ Kxg6 20. b4 Be3 21.
Rc2 Bb7 22. Re2 Bxc6 23. Rxe3 Kf6 24. O-O Rg8 25. g3 Rac8 26. Nd5+ Bxd5 27.
cxd5 Ne5 28. Bxa6 Ra8 29. Rfe1 Rxa6 30. Rxe5 exd5 31. Rxd5 Rxa2 32. Rd6+ Kg5
33. Rf1 Rh8 34. h4+ Kg4 35. Rf2 Rxf2 36. Kxf2 b5 37. Rg6+ Kh3 38. Kf3 Rc8 39.
h5 Rc3+ 40. Kf4 Rc4+ 41. Kxf5 Rxb4 42. h6 Ra4 43. h7 1-0

[Event "Frankfurt Ch 2012"]
[Site "Ffm-Kalbach, LAZ"]
[Date "2012.05.08"]
[Round "2.23"]
[White "Ostermeier, Thorsten"]
[Black "Krzesinski, Paul"]
[Result "0-1"]
[WhiteElo "1849"]
[BlackElo "1997"]
[PlyCount "108"]
[EventDate "2012.??.??"]
[WhiteTeam "Sfr. Frankfurt 1921"]
[BlackTeam "Sabt Frankfurter TV 1860"]

1. d4 Nf6 2. Nf3 e6 3. c4 b6 4. Bg5 h6 5. Bh4 Bb4+ 6. Nc3 Na6 7. e3 O-O 8. Bd3
Bb7 9. O-O Bxc3 10. bxc3 c5 11. Rb1 Rc8 12. h3 g5 13. Nxg5 hxg5 14. Bxg5 d5 15.
Qf3 Kg7 16. Qf4 Rh8 17. f3 Nh5 18. Qg4 f5 19. Bxf5 exf5 20. Qxf5 Qd6 21. e4
Rcf8 22. Qg4 Qg3 23. cxd5 Qxg4 24. hxg4 Ng3 25. Rfe1 Rh1+ 26. Kf2 Nxe4+ 27.
Rxe4 Rxb1 28. Re7+ Rf7 29. Bh6+ Kg6 30. Re6+ Rf6 31. Re5 cxd4 32. cxd4 Nb4 33.
Re7 Bxd5 34. g5 Rb2+ 35. Kg3 Rf7 36. Re8 Rxa2 37. Bf8 a5 38. Be7 Re2 39. Rg8+
Kf5 40. Bf6 Rxf6 41. gxf6 Kxf6 42. Rh8 Bf7 43. f4 Nc6 44. Rh6+ Bg6 45. d5 Ne7
46. Kf3 Rd2 47. g4 Kg7 48. Rh1 Rd3+ 49. Ke2 Nxd5 50. f5 Nf4+ 51. Kf2 Be8 52.
Rb1 b5 53. g5 Bc6 54. Rc1 Rf3+ 0-1

[Event "Frankfurt Ch 2012"]
[Site "Ffm-Kalbach, LAZ"]
[Date "2012.05.08"]
[Round "2.24"]
[White "Fröhlich-Dill, Astrid"]
[Black "Richter, Tobias"]
[Result "0-1"]
[WhiteElo "1825"]
[BlackElo "1992"]
[PlyCount "94"]
[EventDate "2012.??.??"]
[WhiteTeam "SV 1920 Hofheim"]
[BlackTeam "SV Merseburg e. V."]

1. d4 Nf6 2. c4 g6 3. Nc3 d5 4. Bf4 Bg7 5. Nf3 O-O 6. cxd5 Nxd5 7. Nxd5 Qxd5 8.
Qd2 Bg4 9. Ne5 Be6 10. Rc1 Na6 11. e3 Qxa2 12. Bd3 c6 13. O-O Qa4 14. Ra1 Qb4
15. Qc2 Nb8 16. Ra4 Qb6 17. Qc3 Qd8 18. Rfa1 a6 19. b4 Nd7 20. Nxd7 Qxd7 21.
Qc5 Rac8 22. Be2 Rfe8 23. R4a3 Bd5 24. Rd1 Bf8 25. Qc3 h5 26. f3 f6 27. e4 Bf7
28. Qe1 Qd8 29. h4 Qb6 30. Kh1 e5 31. Be3 Qxb4 32. Raa1 Qxe1+ 33. Rxe1 Bb4 34.
Rec1 Rcd8 35. dxe5 fxe5 36. Rcb1 c5 37. Rc1 Bd2 38. Bxd2 Rxd2 39. Bc4 Rc8 40.
Bxf7+ Kxf7 41. Ra5 c4 42. Rxe5 b5 43. f4 c3 44. f5 c2 45. fxg6+ Kxg6 46. Rd5
Rxd5 47. exd5 b4 0-1

[Event "Frankfurt Ch 2012"]
[Site "Ffm-Kalbach, LAZ"]
[Date "2012.05.08"]
[Round "2.25"]
[White "Orlinski, Wolfgang"]
[Black "Meiser, Nicolas"]
[Result "1/2-1/2"]
[WhiteElo "1985"]
[BlackElo "1839"]
[PlyCount "46"]
[EventDate "2012.??.??"]
[WhiteTeam "Sfr. Frankfurt 1921"]
[BlackTeam "SV Lahn Limburg"]

1. c4 c6 2. d4 d5 3. e3 Nf6 4. Nf3 Bg4 5. Nc3 e6 6. cxd5 exd5 7. Be2 Nbd7 8. h3
Bh5 9. Nh2 Bxe2 10. Qxe2 Bb4 11. Bd2 O-O 12. O-O Re8 13. Ng4 Qa5 14. Nxf6+ Nxf6
15. a3 Bf8 16. Ne4 Qd8 17. Nxf6+ Qxf6 18. Qg4 Bd6 19. Rac1 Re4 20. Qd7 Re7 21.
Qg4 Re4 22. Qd7 Re7 23. Qg4 Re4 1/2-1/2

[Event "Frankfurt Ch 2012"]
[Site "Ffm-Kalbach, LAZ"]
[Date "2012.05.08"]
[Round "2.27"]
[White "Weber, Andreas"]
[Black "Minor, Samuel"]
[Result "0-1"]
[WhiteElo "1723"]
[BlackElo "2177"]
[PlyCount "74"]
[EventDate "2012.??.??"]
[WhiteTeam "SC Flörsheim 1921"]
[BlackTeam "Wiesbadener SV 1885"]

1. e4 c5 2. Nc3 Nc6 3. Bb5 Nd4 4. Nf3 Nxb5 5. Nxb5 d5 6. exd5 a6 7. Nc3 Nf6 8.
h3 Nxd5 9. O-O e6 10. Re1 Be7 11. d3 O-O 12. Nxd5 Qxd5 13. Bf4 f6 14. c4 Qd7
15. Qe2 e5 16. Rad1 Re8 17. Bg3 b5 18. Nh2 Bb7 19. Qh5 g6 20. Qh6 Bf8 21. Qh4
Bg7 22. Ng4 Qc6 23. f3 h5 24. Ne3 Qd7 25. Bh2 f5 26. Qg5 Kh7 27. Qh4 Qf7 28.
Rf1 Rad8 29. Nc2 Rd7 30. Qf2 g5 31. b4 Bf8 32. Kh1 Qg6 33. a3 f4 34. Qe2 Rg7
35. Rg1 g4 36. Bxf4 exf4 37. Qf1 gxh3 0-1

[Event "Frankfurt Ch 2012"]
[Site "Ffm-Kalbach, LAZ"]
[Date "2012.05.08"]
[Round "2.28"]
[White "Liebske, Reiner"]
[Black "Röschlau, Bernd"]
[Result "0-1"]
[WhiteElo "1672"]
[BlackElo "2129"]
[PlyCount "60"]
[EventDate "2012.??.??"]
[WhiteTeam "SV Frankfurt Nord 1926"]
[BlackTeam "SC Brett vor'm Kopp Ffm"]

1. e4 c5 2. Nf3 Nc6 3. d4 cxd4 4. Nxd4 Nf6 5. Nc3 e5 6. Ndb5 d6 7. Bg5 a6 8.
Bxf6 gxf6 9. Na3 b5 10. Nd5 f5 11. Bd3 Be6 12. c3 Bg7 13. Qf3 Bxd5 14. exd5 e4
15. Qe3 Ne7 16. Be2 Nxd5 17. Qd2 Ne7 18. O-O-O d5 19. f3 b4 20. cxb4 Qb6 21.
Kb1 Rb8 22. Nc2 d4 23. fxe4 fxe4 24. Bc4 O-O 25. Qg5 Nc6 26. a3 Kh8 27. Rhf1 d3
28. Ne3 Nxb4 29. axb4 Qxb4 30. Rf2 Bxb2 0-1